<?xml version="1.0" encoding="UTF-8"?>
<collection xmlns="http://www.loc.gov/MARC21/slim">
 <record>
  <leader>00538pamaa2200157   4500</leader>
  <controlfield tag="001">0000020045</controlfield>
  <controlfield tag="005">20100311090000.0</controlfield>
  <datafield tag="020" ind1="0" ind2="0">
   <subfield code="a">0822310414 </subfield>
  </datafield>
  <datafield tag="082" ind1=" " ind2=" ">
   <subfield code="a">959.70438 WIL 1990</subfield>
  </datafield>
  <datafield tag="090" ind1="0" ind2="0">
   <subfield code="a">DS559.5 </subfield>
   <subfield code="b">WIL 1990</subfield>
  </datafield>
  <datafield tag="100" ind1="1" ind2="0">
   <subfield code="a">Wilson </subfield>
  </datafield>
  <datafield tag="245" ind1="1" ind2="0">
   <subfield code="a">Landing zones : </subfield>
   <subfield code="b">southern veterans remember Vietnam  </subfield>
   <subfield code="c">James R. Wilson.</subfield>
  </datafield>
  <datafield tag="260" ind1="0" ind2="0">
   <subfield code="a">Durham: </subfield>
   <subfield code="b">Duke University Press, </subfield>
   <subfield code="c">c1990.</subfield>
  </datafield>
  <datafield tag="300" ind1=" " ind2=" ">
   <subfield code="a">axvi, 267p.: </subfield>
   <subfield code="b">map; </subfield>
   <subfield code="c">c24cm.</subfield>
  </datafield>
  <datafield tag="650" ind1="0" ind2="0">
   <subfield code="a">Veterans -- </subfield>
   <subfield code="x">Interviews -- </subfield>
   <subfield code="z">Southern States </subfield>
  </datafield>
  <datafield tag="650" ind1="0" ind2="0">
   <subfield code="a">Vietnamese Conflict, 1961-1975 -- </subfield>
   <subfield code="x">Personal narratives, American </subfield>
  </datafield>
 </record>
</collection>
